[Event "Grosseto 2nd"]
[Site "Grosseto"]
[Date "2010.02.26"]
[Round "8"]
[White "Rossi, Pietro"]
[Black "Javina, Davina"]
[Result "0-1"]
[WhiteElo "2071"]
[BlackElo "2376"]
[PlyCount "68"]
[EventDate "2010.02.22"]
[EventType "tourn"]
[EventRounds "9"]
[EventCountry "ITA"]
[SourceTitle "CBM 135 Extra"]
[Source "ChessBase"]
[SourceDate "2010.05.04"]
[SourceVersion "1"]
[SourceVersionDate "2010.05.04"]
[SourceQuality "1"]

1. e4 e5 2. Nf3 Nf6 3. Nxe5 d6 4. Nf3 Nxe4 5. d3 Nf6 6. d4 d5 7. Bd3 Bd6 8. 0-0 0-0 9. Bg5 Bg4 10. Nbd2 Nbd7 11. c3 c6 12. Qc2 Qc7 13. Rfe1 Rfe8 14. h3 Bxf3 15. Nxf3 h6 16. Bxf6 Nxf6 17. Rxe8+ Rxe8 18. Re1 Rxe1+ 19. Nxe1 Qe7 20. Qe2 Kf8 21. Kf1 Qxe2+ 22. Kxe2 Ke7 23. Bf5 g6 24. Bc8 b6 25. Bb7 Kd7 26. Nd3 Kc7 27. Ba8 b5 28. b3 Nd7 29. c4 bxc4 30. bxc4 dxc4 31. Nc5 Bxc5 32. dxc5 Nxc5 33. Ke3 Nd7 34. Kd4 Nb6 0-1

[Event "Grosseto 2nd"]
[Site "Grosseto"]
[Date "2010.02.24"]
[Round "4"]
[White "Javina, Davina"]
[Black "Lanzani, Mario"]
[Result "1-0"]
[WhiteElo "2376"]
[BlackElo "2423"]
[PlyCount "67"]
[EventDate "2010.02.22"]
[EventType "tourn"]
[EventRounds "9"]
[EventCountry "ITA"]
[SourceTitle "CBM 135 Extra"]
[Source "ChessBase"]
[SourceDate "2010.05.04"]
[SourceVersion "1"]
[SourceVersionDate "2010.05.04"]
[SourceQuality "1"]

1. e4 c5 2. Nf3 d6 3. c3 Nf6 4. h3 Bd7 5. Bd3 Bc6 6. Qe2 Nbd7 7. Bc2 e6 8. 0-0 Be7 9. d4 Qc7 10. Bg5 h6 11. Bh4 0-0 12. Nbd2 cxd4 13. cxd4 Rfe8 14. Rac1 Rac8 15. Bg3 Qa5 16. Bd3 Nf8 17. a3 Nh5 18. Bh2 Ng6 19. Nc4 Qd8 20. Qe3 Nf8 21. e5 d5 22. Ncd2 g5 23. g4 Ng7 24. h4 Qb6 25. hxg5 hxg5 26. Rc3 Ba4 27. Rb1 a5 28. Bg3 Rxc3 29. bxc3 Qc6 30. Nxg5 Bxg5 31. Qxg5 Qxc3 32. Qe3 Qc6 33. Bh4 Rb8 34. Bf6 1-0